000 01244namaa22003491i 4500
003 EG-GICUC
005 20260211124123.0
008 260210s2001 ua ||||jr|||| 000 0 ara d
017 _a2001 / 8896
_bدار الكتب والوثائق القومية (مصر)
020 _a977282101x
040 _aEG-GiCUC
_bara
_cEG-GiCUC
_dEG-GiCUC
_erda
043 _af-ua---
082 0 4 _221
_a335.4
_bH154
092 0 4 _221
_a335.4
_bH154
099 _a335.4 H154 2001
100 1 _aحجى|، طارق
_eمؤلف.
245 1 0 _a /أفكار ماركسية فى الميزان
_cطارق حجى
250 _aالطبعة الخامسة
264 _aالقاهرة (مصر) :
_bالدار الدولية للاستثمارات الثقافية،
_c2001.
300 _a139 صفحة ؛
_c24 سم
336 _2rdacontent
_atext
337 _2rdamedia
_aUnmediated
338 _2rdacarrier
_avolume
504 _aيشتمل على ارجاعات ببليوجرافية
541 _aد. جابر عصفور ؛
_bالقاهرة ؛
_cإهداء ؛
_d2024.
650 1 7 _aالاشتراكية
_2qrmak
650 1 7 _aالشيوعية
_2qrmak
650 1 7 _aالماركسية
_2qrmak
651 1 _2qrmak
905 _aNermeen
942 _2ddc
_cBK
_e21
_n0
999 _c178335
_d178335